Pays habités - Statistiques

Statistiques générales
  • Ce quiz a été pris 63 fois
    61 depuis la dernière actualisation
  • Le résultat moyen est 9 sur 16
Answers on the Grid
Answers color-coded by a green-red scale on the quiz's grid according to % correct below.
Afrique du sud
Australie
Allemagne
Arabie Saoudite
Argentine
Bangladesh
Brésil
Chine
Égypte
Espagne
États-Unis
Éthiopie
France
Ghana
Inde
Indonésie
Irak
Iran
Japon
Mexique
Népal
Nigéria
Pakistan
Philippines
RDC (congo)
Royaume-Uni
Russie
Soudan
Thailande
Turquie
Vietnam
 
Statistiques - réponses
Réponse % Correct
Chine
77%
Bangladesh
75%
États-Unis
75%
Inde
75%
Brésil
73%
Indonésie
70%
Pakistan
64%
Égypte
55%
Japon
55%
RDC (congo)
55%
Éthiopie
52%
Nigéria
48%
Philippines
45%
Russie
45%
Mexique
43%
Vietnam
27%
Aucun quiz correspondant
Distribution des résultats
% des personnes avec chaque résultat
Percentile par nombre de réponses
Votre historique - résultats
Vous n’avez pas pris ce quiz depuis la dernière actualisation